LEADER 01346nam a2200313 i 4500 001 991000822409707536 005 20020507174028.0 008 941118s1983 ||| ||| | eng 020 $a0387120041 035 $ab10761998-39ule_inst 035 $aLE01302835$9ExL 040 $aDip.to Matematica$beng 082 0 $a510 084 $aAMS 53C 084 $aQA3.L28 100 1 $aHopf, Heinz$041921 245 10$aDifferential geometry in the large :$bseminar lectures, New York University, 1946 and Stanford University, 1956 /$cHeinz Hopf ; with a preface by S. S. Chern 260 $aBerlin :$bSpringer-Verlag,$c1983 300 $avi, 184 p. :$bill. ;$c25 cm. 490 0 $aLecture notes in mathematics,$x0075-8434 ;$v1000 500 $aContents: Selected topics in geometry : New York University, 1946 / notes by Peter Lax - Differential geometry in the large : Stanford University, 1956 / notes by J. W. Gray 500 $aIncludes bibliographical references. 650 4$aGlobal differential geometry 907 $a.b10761998$b23-02-17$c28-06-02 912 $a991000822409707536 945 $aLE013 53C HOP11 (1983)$g1$i2013000013886$lle013$o-$pE0.00$q-$rl$s- $t0$u0$v0$w0$x0$y.i10857321$z28-06-02 996 $aDifferential geometry in the large$979959 997 $aUNISALENTO 998 $ale013$b01-01-94$cm$da $e-$feng$gxx $h0$i1 LEADER 02036nas 2200577-a 450 001 9910263037503321 005 20230801213017.0 011 $a1366-5898 035 $a(DE-599)ZDB1484534-9 035 $a(OCoLC)38272163 035 $a(CKB)954925255159 035 $a(CONSER)---00238747- 035 $a(EXLCZ)99954925255159 100 $a19980127a19889999 --- a 101 0 $aeng 135 $aurmnu|||||||| 181 $ctxt$2rdacontent 182 $cc$2rdamedia 183 $acr$2rdacarrier 200 10$aInternational journal of qualitative studies in education $eQSE 210 $a[London] $cTaylor & Francis 210 3 $a[Abingdon, Oxon UK] $cRoutledge$cCo-published with UNISA Press 300 $aRefereed/Peer-reviewed 311 $a0951-8398 517 3 $aQSE 517 1 $aQualitative studies in education 531 $aINTERNATIONAL JOURNAL OF QUALITATIVE STUDIES IN EDUCATION QSE 531 $aQUALITATIVE STUDIES IN EDUCATION 531 $aQSE 531 $aINTERNATIONAL JOURNAL OF QUALITATIVE STUDIES IN EDUCATION 531 0 $aInt. j. qual. stud. educ. 606 $aEducation$xResearch$vPeriodicals 606 $aÉducation$xRecherche$vPériodiques 606 $aSciences de l'éducation$xMéthodes qualitatives$vPériodiques 606 $aEducation$xResearch$2fast$3(OCoLC)fst00902743 606 $aRecherche en éducation$2rasuqam 606 $aRecherche qualitative$2rasuqam 608 $aPeriodicals.$2fast 608 $aPériodique électronique (Descripteur de forme)$2rasuqam 608 $aRessource Internet (Descripteur de forme)$2rasuqam 615 0$aEducation$xResearch 615 6$aÉducation$xRecherche 615 6$aSciences de l'éducation$xMéthodes qualitatives 615 7$aEducation$xResearch. 615 17$aRecherche en éducation. 615 17$aRecherche qualitative. 676 $a370.7805 906 $aJOURNAL 912 $a9910263037503321 996 $aInternational journal of qualitative studies in education$92578342 997 $aUNINA LEADER 01978nam 2200601 a 450 001 9910957868103321 005 20250416110647.0 010 $a9781607805410 010 $a1607805413 035 $a(CKB)2560000000010619 035 $a(EBL)535936 035 $a(OCoLC)645094585 035 $a(SSID)ssj0000673142 035 $a(PQKBManifestationID)11396540 035 $a(PQKBTitleCode)TC0000673142 035 $a(PQKBWorkID)10643537 035 $a(PQKB)11623494 035 $a(OCoLC)712989956 035 $a(MiAaPQ)EBC535936 035 $a(Au-PeEL)EBL535936 035 $a(CaPaEBR)ebr10389167 035 $a(FR-PaCSA)45004952 035 $a(FRCYB45004952)45004952 035 $a(EXLCZ)992560000000010619 100 $a20150401h20101993 uy 0 101 0 $aeng 135 $aur|n|---||||| 181 $ctxt 182 $cc 183 $acr 200 10$aIreland $ecommunications /$fWorld Trade Press 205 $a2nd ed. 210 $aPetaluma, Calif. $cWorld Trade Press$dc1993-2010 [2010] 215 $a1 online resource (30 p.) 300 $aCover title. 330 $aGet all three comprehensive reports bundled into one for a complete media and communications profile of Ireland. An excellent source of practical information, this profile offers an extensive dialing guide with city codes, a listing of ISPs and Internet cafes, profiles of the major media outlets (with contact info!) and more. 606 $aCommunication$zIreland 606 $aCommunication and traffic$zIreland 606 $aTelecommunication$zIreland 606 $aMobile communication systems$zIreland 615 0$aCommunication 615 0$aCommunication and traffic 615 0$aTelecommunication 615 0$aMobile communication systems 676 $a304.66 676 $a384.3 801 0$bMiAaPQ 801 1$bMiAaPQ 801 2$bMiAaPQ 906 $aBOOK 912 $a9910957868103321 996 $aIreland$9222393 997 $aUNINA